Profiting with Forex : the most effective tools and techniques for trading currencies /
| Main Author: | |
|---|---|
| Other Authors: | |
| Format: | Book |
| Language: | English |
| Published: |
New York :
McGraw-Hill,
[2006]
|
| Subjects: | |
| Online Access: | Table of contents Contributor biographical information Publisher description |
MARC
| Tag | First Indicator | Second Indicator | Subfields |
|---|---|---|---|
| LEADER | 00000cam a22000004a 4500 | ||
| 001 | in00002181521 | ||
| 005 | 20151104063618.0 | ||
| 008 | 051215s2006 nyua b 001 0 eng | ||
| 010 | |a 2005036706 | ||
| 020 | |a 0071464654 (hardcover : alk. paper) | ||
| 024 | 3 | |a 9780071464659 | |
| 035 | |a (OCoLC)ocm62697147 | ||
| 040 | |a DLC |c DLC |d BAKER |d C#P |d UtOrBLW | ||
| 042 | |a pcc | ||
| 049 | |a TXAM | ||
| 050 | 0 | 0 | |a HG3853 |b .J34 2006 |
| 082 | 0 | 0 | |a 332.4/5 |2 22 |
| 100 | 1 | |a Jagerson, John. | |
| 245 | 1 | 0 | |a Profiting with Forex : |b the most effective tools and techniques for trading currencies / |c John Jagerson, S. Wade Hansen. |
| 264 | 1 | |a New York : |b McGraw-Hill, |c [2006] | |
| 264 | 4 | |c ©2006 | |
| 300 | |a xii, 267 pages : |b illustrations ; |c 24 cm. | ||
| 336 | |a text |b txt |2 rdacontent | ||
| 337 | |a unmediated |b n |2 rdamedia | ||
| 338 | |a volume |b nc |2 rdacarrier | ||
| 505 | 0 | |a Profiting with Forex -- Basic lingo lesson -- How the Forex market works -- Genesis and growth of the Forex market -- Fundamental analysis tools -- The U.S. government -- Inflation -- The U.S. stock market -- China -- Oil -- Breaking news -- Seesaw of supply and demand -- Technical analysis tools -- Support, resistance, and Fibonacci -- Putting it all together-trading techniques -- Money management -- Getting started -- Conclusion. | |
| 504 | |a Includes bibliographical references and index. | ||
| 650 | 0 | |a Foreign exchange futures. | |
| 650 | 0 | |a Foreign exchange market. | |
| 650 | 0 | |a Currency convertibility. | |
| 700 | 1 | |a Hansen, S. Wade. | |
| 856 | 4 | 1 | |3 Table of contents |u http://www.loc.gov/catdir/toc/ecip065/2005036706.html |t 0 |
| 856 | 4 | 2 | |3 Contributor biographical information |u http://www.loc.gov/catdir/enhancements/fy0623/2005036706-b.html |t 0 |
| 856 | 4 | 2 | |3 Publisher description |u http://www.loc.gov/catdir/enhancements/fy0623/2005036706-d.html |t 0 |
| 938 | |a Baker & Taylor |b BKTY |c 55.00 |d 41.25 |i 0071464654 |n 0006674384 |s active | ||
| 945 | |i PromptCat | ||
| 946 | |a west,stk | ||
| 947 | |a A14834360861 | ||
| 994 | |a 92 |b TXA | ||
| 948 | |a cataloged |b h |c 2006/8/22 |d c |e rbarron |f 4:36:56 pm | ||
| 999 | |a MARS | ||
| 999 | f | f | |s b4d5a724-53b3-3b5d-9d95-f3281ed889a4 |i 6bd280fe-ffcf-3102-8f53-a4c1c5ebffa4 |t 0 |
| 952 | f | f | |p ric |a Texas A&M University |b Rellis Campus |c Joint Library Facility |d Remote Storage |t 0 |e HG3853 .J34 2006 |h Library of Congress classification |i unmediated -- volume |m A14834360861 |
| 998 | f | f | |a HG3853 .J34 2006 |t 0 |l Remote Storage |